Countries starting with A - Statistics

General Stats
  • This quiz has been taken 29 times
  • The average score is 10 of 11
Answer Stats
A Answer % Correct
A Australia
100%
A Afghanistan
93%
A Argentina
93%
A Albania
89%
A Armenia
89%
A Austria
89%
A Algeria
85%
A Azerbaijan
85%
A Andorra
81%
A Angola
81%
A Antigua and Barbuda
81%
No matching quizzes found
Score Distribution
Percent of People with Each Score
Percentile by Number Answered
Your Score History
You have not taken this quiz